| 000 | 00504cam a2200169 a 4500 | ||
|---|---|---|---|
| 005 | 20250901165354.0 | ||
| 008 | 020813s2003 nyu 000 1 eng | ||
| 010 | _a 2002033092 | ||
| 020 | _a0670031143 (acidfree paper) | ||
| 050 | 0 | 0 |
_aPR6065.C36 .O23 2003 _bY68 2003 |
| 082 | 0 | 0 |
_a823.914 _221 |
| 100 | 1 |
_aO'Carroll, Brendan, _d1955- |
|
| 245 | 1 | 4 |
_aThe young wan : _ban Agnes Browne novel / _cBrendan O'Carroll. |
| 260 |
_aNew York : _bViking, _c2003. |
||
| 300 |
_axii, 208 p. ; _c22 cm. |
||
| 942 | _2ddc | ||
| 999 |
_c2911 _d2911 |
||